00663nam a2200205Ia 4500008004100000020001800041041000800059082001600067100002300083245005100106250001100157260003800168300000900206500000700215650002500222700002300247906000700270999001700277952016300294230125s9999 xx 000 0 und d a81-315-1480-3 aeng a658.15bLAS aLasher W R9109612 aFinancial Management : Principles and Practice a6th ed c2011bCengage LearningaNew Delhi a807p aFM aFinancial Management aLasher W R9109612 b93 c86306d86306 00104070aHIMRbHIMRd2014-03-24ePritam Book Centreg465.00i8916l0o658.15 LAS B12628pHIMR-BK-12628r2023-01-25 00:00:00v372.00w2014-03-24yBKzB12628